000
00357nam a2200133Ia 4500
008
231129s9999||||xx |||||||||||||| ||spa||
020
_a
958-682-135-8
040
_b
spa
082
_a
621.372 C925i
100
_a
Creus Solé Antonio
245
0
_a
Instrumentación industrial
264
_a
Alfaomega
942
_2
ddc
_c
BKS
999
_c
15752
_d
15752